00690cam a22002534a 4500001000500000005001700005020001800022040002300040050001200063082001000075100002400085245002600109250004400135260002300179300004500202490001900247505000800266520007100274521002000345521002000365650003100385650001000416650001000426250420231213120346.0 a9780736887847 aDLCcDLCdDLCbeng00aSF426.500a636.71 aFrost, Helend1949-10aDogs cby Helen Frost aPrinted in the United States of America bPebble Booksc2001 a24 pages :bcolor illustrations ;c19 cm1 aAll about pets aF  aSimple text and photographs present the features and care of dogs. a300 bLexile  aF bRaz-Plus  0aDogsvJuvenile literature. 1aDogs. 1aPets.